UBT Library

Jeta dhe krijimtaria letrare (Record no. 60812)

000 -LEADER
fixed length control field 00302nam a22001337a 4500
008 - FIXED-LENGTH DATA ELEMENTS--GENERAL INFORMATION
fixed length control field 260218b ||||| |||| 00| 0 eng d
020 ## - INTERNATIONAL STANDARD BOOK NUMBER
International Standard Book Number 9951050190
041 ## - LANGUAGE CODE
Language code of text/sound track or separate title eng
080 ## - UNIVERSAL DECIMAL CLASSIFICATION NUMBER
Universal Decimal Classification number 821.18
100 ## - Rafti
Rafti 20.1
101 ## - Shkurtesa
Shkurtesa Roman
245 ## - TITLE STATEMENT
Title Jeta dhe krijimtaria letrare
Statement of responsibility, etc Josip Rela
942 ## - ADDED ENTRY ELEMENTS (KOHA)
Source of classification or shelving scheme
Item type Books
Holdings
Withdrawn status Lost status Source of classification or shelving scheme Damaged status Not for loan Collection code Permanent location Current location Date acquired Total Checkouts Barcode Date last seen Price effective from Koha item type Copy number
          Koleksioni i përgjithshem UBT - Lipjan UBT - Lipjan 02/18/2026   002-800070999497 02/18/2026 02/18/2026 Books  
          Koleksioni i përgjithshem UBT - Lipjan UBT - Lipjan 02/18/2026   002-800070999507 02/18/2026 02/18/2026 Books  
          Koleksioni i përgjithshem UBT - Lipjan UBT - Lipjan 02/18/2026   002-800070999520 02/18/2026 02/18/2026 Books  
          Koleksioni i përgjithshem UBT - Lipjan UBT - Lipjan 02/18/2026   002-800070999521 02/18/2026 02/18/2026 Books  
          Koleksioni i përgjithshem UBT - Lipjan UBT - Lipjan 02/19/2026     02/19/2026 02/19/2026 Books 002-800070999517
          Koleksioni i përgjithshem UBT - Lipjan UBT - Lipjan 02/19/2026     02/19/2026 02/19/2026 Books 002-800070999517
          Koleksioni i përgjithshem UBT - Lipjan UBT - Lipjan 02/20/2026   002-800070999552 02/20/2026 02/20/2026 Books  
          Koleksioni i përgjithshem UBT - Lipjan UBT - Lipjan 02/20/2026   002-800070999553 02/20/2026 02/20/2026 Books  
          Koleksioni i përgjithshem UBT - Lipjan UBT - Lipjan 02/25/2026   002-800070999436 02/25/2026 02/25/2026 Books  
          Koleksioni i përgjithshem UBT - Lipjan UBT - Lipjan 02/25/2026   002-800070999437 02/25/2026 02/25/2026 Books  
          Koleksioni i përgjithshem UBT - Lipjan UBT - Lipjan 03/27/2026   003-800070999493 03/27/2026 03/27/2026 Books  
          Koleksioni i përgjithshem UBT - Lipjan UBT - Lipjan 03/27/2026   003-800070999494 03/27/2026 03/27/2026 Books  
          Koleksioni i përgjithshem UBT - Lipjan UBT - Lipjan 03/27/2026   003-800070999495 03/27/2026 03/27/2026 Books  
          Koleksioni i përgjithshem UBT - Lipjan UBT - Lipjan 03/27/2026   003-800070999496 03/27/2026 03/27/2026 Books  
          Koleksioni i përgjithshem UBT - Lipjan UBT - Lipjan 03/27/2026   003-800070999497 03/27/2026 03/27/2026 Books  
UBT Library © 2015-2024. All rights reserved University Education for Business and Technology